LEADER 01943nam0 2200289 450 001 000013317 005 20080619150239.0 100 $a20080619d1832----km-y0itay50------ba 101 0 $aita 102 $aIT 105 $aa-------001yy 200 1 $aOpere di Galileo Galilei 210 $aMilano$cNicolo Bettoni$d1832 215 $a2 v.$cill. 24 cm 316 $aVoll. 1-2: Legature in quarto di pelle su piatti di cartone ricoperti di c. dec. (25x15 x3 cm); dorsi con A., tit., numeri dei tomi e filetti impressi in oro; ivi, inoltre, etichette con antiche segnature, etichetta con l'attuale coll. a coprire coll. del Regio Istituto Superiore Navale; foxing$5UNIPARTHENOPE 317 $aVol. 1: Sulla controguardia ant. antiche segnature mss.: 24-D [n.i.]; 152 g 4 [n.i.]; Class VII 1281 Ingress 2970 del Registro inventario della Regia Marina Biblioteca dipartimentale di Napoli; ivi, inoltre, II-C VII-22 [n.i.]; 2648 [n.i.]; sul r. della c. di g. ant. parz. ripetuti, a matita, i dati del Registro inventario ...; class. Dewey dell'IUN: 509; timbro A della Reale Biblioteca di Marina$5UNIPARTHENOPE 317 $aVol. 2: Sulla controguardia ant. antiche segnature mss.: 24-D [n.i.]; Class VII 1281 Ingress 2970 del Registro inventario della Regia Marina Biblioteca dipartimentale di Napoli; ivi, inoltre, 2649 [n.i.]; sul r. della c. di g. ant. parz. ripetuti, a matita, i dati del Registro inventario ...; timbro A della Reale Biblioteca di Marina$5UNIPARTHENOPE 327 1 $aVol. 1: XV, 400 p., XII c. di tav. ripieg.$aVol. 2: 502 p., 2 c. di tav. ripieg. 620 $aItalia$dMilano 676 $a500$v21$9Scienze naturali e matematica 700 1$aGalilei,$bGalileo$04160 712 02$aDue Sicilie : Ministero della guerra e della marina$4390 801 0$aIT$bUNIPARTHENOPE$c20080619$gRICA$2UNIMARC 912 $a000013317 951 $aBORB-F-25/I-II$cFB$d2008 996 $aOpere di Galileo Galilei$973661 997 $aUNIPARTHENOPE LEADER 04415nam 22006254a 450 001 9910451633203321 005 20210603003248.0 010 $a0-231-50939-1 024 7 $a10.7312/magu12052 035 $a(CKB)1000000000457771 035 $a(EBL)908459 035 $a(OCoLC)818855978 035 $a(SSID)ssj0000152820 035 $a(PQKBManifestationID)11150636 035 $a(PQKBTitleCode)TC0000152820 035 $a(PQKBWorkID)10339852 035 $a(PQKB)10540042 035 $a(MiAaPQ)EBC908459 035 $a(DE-B1597)459084 035 $a(OCoLC)62145189 035 $a(OCoLC)979967606 035 $a(DE-B1597)9780231509398 035 $a(Au-PeEL)EBL908459 035 $a(CaPaEBR)ebr10183612 035 $a(CaONFJC)MIL853698 035 $a(EXLCZ)991000000000457771 100 $a20040514d2005 uy 0 101 0 $aeng 135 $aurun#---|u||u 181 $ctxt 182 $cc 183 $acr 200 10$aFacing death in Cambodia$b[electronic resource] /$fPeter Maguire 210 $aNew York $cColumbia University Press$dc2005 215 $a1 online resource (281 p.) 300 $aDescription based upon print version of record. 311 0 $a0-231-12052-4 320 $aIncludes bibliographical references (p. 231-248) and index. 327 $tFront matter --$tContents --$tAcknowledgments --$tIntroduction --$t1. "So you've been to school for a year or two . . ." --$t2. "Do not kill any living creature, with the exception of the enemy." --$t3. "The Angkar is more important to me than my father and mother." --$t4. "The weapon of the mouth" --$t5. "Only the third person knows." --$t6. "I am excellent survivor." --$t7. "Am I a savage person?" --$t8. "She is nice girl, but she is sick." --$t9. "I am no longer HIV positive." --$t10. "I am not dead. I am alive." --$tConclusion: War Crimes Trials as a Welcome Distraction --$tNotes --$tGlossary --$tBibliography --$tIndex 330 $aThe Khmer Rouge regime took control of Cambodia by force of arms, then committed the most brazen crimes since the Third Reich: at least 1.5 million people murdered between 1975 and 1979. Yet no individuals were ever tried or punished. This book is the story of Peter Maguire's effort to learn how Cambodia's "culture of impunity" developed, why it persists, and the failures of the "international community" to confront the Cambodian genocide. Written from a personal and historical perspective, Facing Death in Cambodia recounts Maguire's growing anguish over the gap between theories of universal justice and political realities. Maguire documents the atrocities and the aftermath through personal interviews with victims and perpetrators, discussions with international and NGO officials, journalistic accounts, and government sources gathered during a ten-year odyssey in search of answers. The book includes a selection of haunting pictures from among the thousands taken at the now infamous Tuol Sleng prison (also referred to as S-21), through which at least 14,000 men, women, and children passed-and from which fewer than a dozen emerged alive. What he discovered raises troubling questions: Was the Cambodian genocide a preview of the genocidal civil wars that would follow in the wake of the Cold War? Is international justice an attainable idea or a fiction superimposed over an unbearably dark reality? Did issues of political expediency allow Cambodian leaders to escape prosecution? The Khmer Rouge violated the Nuremberg Principles, the United Nations Charter, the laws of war, and the UN Genocide Convention. Yet in the decade after the regime's collapse, the perpetrators were rescued and rehabilitated-even rewarded-by China, Thailand, the United States, and the UN. According to Peter Maguire, Cambodia holds the key to understanding why recent UN interventions throughout the world have failed to prevent atrocities and to enforce treaties. 606 $aPolitical atrocities$zCambodia 606 $aTrials (Genocide)$zCambodia 607 $aCambodia$xHistory$y1975-1979 608 $aElectronic books. 615 0$aPolitical atrocities 615 0$aTrials (Genocide) 676 $a959.604/2 700 $aMaguire$b Peter$g(Peter H.)$0858317 801 0$bMiAaPQ 801 1$bMiAaPQ 801 2$bMiAaPQ 906 $aBOOK 912 $a9910451633203321 996 $aFacing death in Cambodia$92487507 997 $aUNINA LEADER 03414nam 2200673Ia 450 001 9910777984503321 005 20200520144314.0 010 $a1-282-18427-X 010 $a9786612184277 010 $a1-60780-075-6 035 $a(CKB)1000000000762288 035 $a(EBL)439435 035 $a(OCoLC)609840441 035 $a(SSID)ssj0000674147 035 $a(PQKBManifestationID)11381709 035 $a(PQKBTitleCode)TC0000674147 035 $a(PQKBWorkID)10645353 035 $a(PQKB)11218189 035 $a(Au-PeEL)EBL439435 035 $a(CaPaEBR)ebr10305893 035 $a(CaONFJC)MIL218427 035 $a(PPN)170219577 035 $a(MiAaPQ)EBC439435 035 $a(EXLCZ)991000000000762288 100 $a20021209d2009 uy 0 101 0 $aeng 135 $aur|n|---||||| 181 $ctxt 182 $cc 183 $acr 200 12$aA short course in international contracts$b[electronic resource] $edrafting the international sales contract : for attorneys and non-attorneys /$fKarla C. Shippey 205 $a3rd ed. 210 $aPetaluma, CA $cWorld Trade Press$dc2009 215 $a1 online resource (192 p.) 225 1 $aThe short course in international trade series 300 $aDescription based upon print version of record. 311 $a1-60780-003-9 320 $aIncludes bibliographical references (p. 184). 320 $aIncludes web resources. 327 $aInternational Contracts; Introduction; Table of Contents; Chapter 1: The Role of Contracts in International Commerce; Chapter 2: Issues Affecting International Contracts; Chapter 3: Parties to the Transaction, Part 1; Chapter 4: Drafting the International Contract for Sale of Goods; Chapter 5: Trade Terms and Incoterms; Chapter 6: Key Issues in International Sales Contracts; Chapter 7: Parties to the Transaction, Part 2; Chapter 8: Drafting Precise Contract Provisions; Chapter 9: Parties to the Transaction, Part 3; Chapter 10: Validity of Contracts Locally 327 $aChapter 11: Contract Fundamentals in International Legal SystemsChapter 12: Offer to Sell Goods; Chapter 13: Memorandum of Sale; Chapter 14: Purchase Order; Chapter 15: Conditional Contract of Sale; Chapter 16: Consulting Contract; Chapter 17: Sales Representative Contract; Chapter 18: Franchise Agreement; Chapter 19: Distribution Agreement; Chapter 20: Chapter Consignment Agreement; Chapter 21: Licensing Contract; Chapter 22: Glossary; Chapter 23: Resources 330 $aA Short Course in International Contracts covers the need for contracts in international transactions, trade terms featuring Incoterms 2000, sample contract provisions, and recommendations for clearer language. Designed for both the non-attorney businessp 410 0$aShort course in international trade series. 517 3 $aDrafting the international sales contract : for attorneys and non-attorneys 517 3 $aInternational contracts 606 $aExport sales contracts$zUnited States 606 $aExport sales contracts 615 0$aExport sales contracts 615 0$aExport sales contracts. 676 $a343.73/0878 676 $a343.730878 700 $aShippey$b Karla C.$f1957-$01473278 801 0$bMiAaPQ 801 1$bMiAaPQ 801 2$bMiAaPQ 906 $aBOOK 912 $a9910777984503321 996 $aA Short course in international contracts$93686398 997 $aUNINA LEADER 02436nam 2200481 450 001 9910819090603321 005 20231110221429.0 010 $a2-8062-1977-9 035 $a(CKB)3710000000306764 035 $a(EBL)1869825 035 $a(MiAaPQ)EBC1869825 035 $a(Au-PeEL)EBL1869825 035 $a(OCoLC)897070809 035 $a(PPN)188689451 035 $a(EXLCZ)993710000000306764 100 $a20220519d2011 uy 1 101 0 $afre 135 $aur|n|---||||| 181 $ctxt$2rdacontent 182 $cc$2rdamedia 183 $acr$2rdacarrier 200 13$aLa Venus d'Ille de Prosper Merimee (Analyse de L'oeuvre) $eAnalyse Complete et Resume detaille de L'oeuvre /$fClaire Cornillon, Pauline Coullet 210 1$aCork, Ireland :$cLemaitre Publishing,$d[2011] 210 4$dİ2011 215 $a1 online resource (25 p.) 225 1 $aFiche de Lecture 300 $aDescription based upon print version of record. 311 $a2-8062-1122-0 327 $a1. Re?sume?; 2. E?tude des personnages; Le narrateur et M. de Peyrehorade; Alphonse et la future marie?e; La Ve?nus; 3. Cle?s de lecture; Un lecteur qui devient enque?teur; L'arche?ologie, l'aura de myste?re; Le fantastique; 4. Pistes de re?flexion; 5. Informations comple?mentaires 330 $a Tout ce qu'il faut savoir sur La Ve?nus d'Ille de Prosper Me?rime?e ! Retrouvez l'essentiel de l'?uvre dans une fiche de lecture comple?te et de?taille?e, avec un re?sume?, une e?tude des personnages, des cle?s de lecture et des pistes de re?flexion. Re?dige?e de manie?re claire et accessible, la fiche de lecture propose d'abord un re?sume? de la nouvelle, puis s'inte?resse aux diffe?rents personnages : le narrateur et M. de Peyrehorade, Alphonse et sa future e?pouse, et, bien entendu, Ve?nus, au c?ur de l'intrigue. On aborde ensuite la construction de l'?uvre - une se?rie d'indices disse?mine?s dans le texte peuv 410 0$aFiche de Lecture 606 $aChildren's stories, French$xHistory and criticism 615 0$aChildren's stories, French$xHistory and criticism. 676 $a843.8 700 $aCornillon$b Claire$0852745 702 $aCoullet$b Pauline 801 0$bMiAaPQ 801 1$bMiAaPQ 801 2$bMiAaPQ 906 $aBOOK 912 $a9910819090603321 996 $aLa Venus d'Ille de Prosper Merimee (Analyse de L'oeuvre)$93971614 997 $aUNINA LEADER 04683nam 22006855 450 001 9910349530903321 005 20240314160424.0 010 $a9783030218485 010 $a3030218481 024 7 $a10.1007/978-3-030-21848-5 035 $a(CKB)4100000009191150 035 $a(DE-He213)978-3-030-21848-5 035 $a(MiAaPQ)EBC5897457 035 $a(PPN)252890248 035 $a(Perlego)3492029 035 $a(EXLCZ)994100000009191150 100 $a20190905d2019 u| 0 101 0 $aeng 135 $aurnn#008mamaa 181 $ctxt$2rdacontent 182 $cc$2rdamedia 183 $acr$2rdacarrier 200 14$aThe Attention Deficit $eUnintended Consequences of Digital Connectivity /$fby Swati Bhatt 205 $a1st ed. 2019. 210 1$aCham :$cSpringer International Publishing :$cImprint: Palgrave Macmillan,$d2019. 215 $a1 online resource (XXIII, 190 p. 35 illus.) 311 0 $a9783030218478 311 0 $a3030218473 327 $a1. Connectivity, Attention and Risk -- 2. Time: The Measure of Connectivity -- 3. The Psychology of Connectivity: Follower Counts and Identity -- 4. The Economics of Connectivity: Communication Markets -- 5. Streaming Technology and the Entertainment Industry -- 6. Content Tsunami -- 7. Attention Deficit and Diminished Risk Taking -- 8. Restoring Boldness and Reducing Apathy -- 9. Conclusion: Dialogue, not Walls. 330 $aDigital technology has enabled connectivity on an unimagined scale. Human beings are social animals and economic activity promotes this socialization. Market transactions are based on optimism about the future, faith that the world is good and trust that growth is organic or coming from within the system. Individuals therefore invest in the future by having children, by extending credit and accepting risk, and by building connections with others in the sincere expectation of this connectivity being reciprocated. This book explores the unintended consequences of ubiquitous connectivity. The first effect is captured by the sharing model. Technology offers multiple avenues for sharing experiences and personal information, so active engagement with this increased content uses mental effort. Connection inevitably leads to comparisons with other groups and individuals, so despite the benefits of affirmation and group inclusion, these links corrode social networks, leading to depressionand mental apathy. The second effect--the result of the commercialization of sharing--is encapsulated in the attention deficit model. Loss of self-worth, driven by the first effect, encourages further connectivity and sharing as buyers seek more comfort and reassurance via social media, paying with time and personal information. The product is digital content and the payment is with time and data. Correspondingly, social media fulfills this demand with exuberance, both via user-generated content and commercially curated content. We are overwhelmed with even more information, paying with increasingly scarce time and attention. Finally, the third and most consequential effect is diminished risk taking. Attention scarcity, as a consequence of the content tsunami, throttles cognitive effort, impairing judgment and decision-making. So the safe bet may be to do nothing . . . take no risks and no gambles. Weaving together the latest research on economics, psychology, and neuroscience, this book fills a void for readers wanting a smart, clear analysis of communications markets and the commercialization of Internet-inspired connectivity. 606 $aEconomics 606 $aEconomic development 606 $aExperimental economics 606 $aEconomics$xPsychological aspects 606 $aTechnology$xSociological aspects 606 $aEconomics 606 $aEconomic Development, Innovation and Growth 606 $aExperimental Economics 606 $aEconomic Psychology 606 $aScience, Technology and Society 615 0$aEconomics. 615 0$aEconomic development. 615 0$aExperimental economics. 615 0$aEconomics$xPsychological aspects. 615 0$aTechnology$xSociological aspects. 615 14$aEconomics. 615 24$aEconomic Development, Innovation and Growth. 615 24$aExperimental Economics. 615 24$aEconomic Psychology. 615 24$aScience, Technology and Society. 676 $a330 676 $a004 700 $aBhatt$b Swati$4aut$4http://id.loc.gov/vocabulary/relators/aut$0925432 801 0$bMiAaPQ 801 1$bMiAaPQ 801 2$bMiAaPQ 906 $aBOOK 912 $a9910349530903321 996 $aThe Attention Deficit$92214248 997 $aUNINA